[Event "Anti Cheating Blitz Cup"]
[Site "Chess.com INT"]
[Date "2020.05.20"]
[Round "11"]
[White "Bacigalupi, Giuseppe"]
[Black "Ritviz, Parab"]
[Result "0-1"]
[WhiteElo "1723"]
[BlackElo "2296"]
[PlyCount "118"]
[EventDate "2020.05.20"]
[EventType "swiss (blitz)"]
[EventRounds "11"]
[EventCountry "USA"]
[SourceTitle "CBM 196 Extra"]
[Source "ChessBase"]
[SourceDate "2020.07.31"]
[SourceVersion "1"]
[SourceVersionDate "2020.07.31"]
[SourceQuality "1"]

1. e4 e5 2. Nf3 Nc6 3. Bc4 Nf6 4. d3 Be7 5. c3 0-0 6. 0-0 d6 7. Bb3 Na5 8. Bc2 c5 9. Nbd2 Nc6 10. Re1 Re8 11. Nf1 h6 12. Ng3 Bf8 13. h3 Rb8 14. d4 Bd7 15. d5 Ne7 16. Nh4 g5 17. Nf3 Ng6 18. Nh2 Nf4 19. Ng4 b5 20. a4 b4 21. cxb4 Rxb4 22. b3 Rd4 23. Qf3 Bg7 24. Ne3 Qa5 25. Bb2 h5 26. Ngf5 Bxf5 27. Nxf5 g4 28. hxg4 hxg4 29. Qe3 Bf8 30. Bc3 Qc7 31. Rac1 Qd7 32. Qg3 Rc8 33. Bxd4 cxd4 34. Qh4 Bg7 35. Qg5 Ng6 36. Nxg7 Kxg7 37. Bb1 Rc3 38. Rxc3 dxc3 39. Rc1 Qc7 40. Qe3 Nf4 41. g3 Nh3+ 42. Kg2 Qb7 43. Qxc3 Qb6 44. Qe3 Qb4 45. Rc4 Qa3 46. Qc3 Ng5 47. Rc7 Nf3 48. Bd3 Qa2 49. Qc2 Qa3 50. Rxa7 Ne1+ 51. Kh2 Nxc2 52. Bxc2 Qc5 53. a5 Qxf2+ 54. Kh1 Qxa7 55. a6 Qxa6 56. b4 Qf1+ 57. Kh2 Qf2+ 58. Kh1 Nh5 59. Bd3 Nxg3# 0-1